Toutes les Communes de l'Arrondissement de Montpellier - Statistiques

Statistiques générales
  • Ce quiz a été pris 36 fois
  • Le résultat moyen est 33 sur 118
Réponses sur la Carte
Les réponses sont colorées sur une échelle allant du rouge au vert en fonction du pourcentage des utilisateurs qui les ont devinées à leur premier essai. Vous pouvez retrouver ces pourcentages ci-dessous.
 
Statistiques - réponses
Communes % Correct
Lattes
85%
Montpellier
85%
Castelnau-le-Lez
80%
Jacou
75%
La Grande-Motte
75%
Mauguio
75%
Palavas-Les-Flots
75%
Saint-Jean-de-Buèges
75%
Saint-Jean-de-Cornies
75%
Saint-Jean-de-Cuculles
75%
Saint-Jean-de-Védas
75%
Juvignac
70%
Lunel
65%
Sète
65%
Pérols
60%
Villeneuve-lès-Maguelone
60%
Frontignan
55%
Clapiers
50%
Vendargues
50%
Baillargues
45%
Le Crès
45%
Fabrègues
40%
Montferrier-sur-Lez
40%
Saint-Aunès
40%
Ganges
35%
Lavérune
35%
Lunel-Viel
35%
Pignan
35%
Saint-Clément-de-Rivières
35%
Saint-Gély-du-Fesc
35%
Balaruc-les-Bains
30%
Balaruc-le-Vieux
30%
Cournonsec
30%
Cournonterral
30%
Mèze
30%
Poussan
30%
Prades-le-Lez
30%
Saint-Brès
30%
Saint-Georges-d'Orques
30%
Saint-Just
30%
Saint-Martin-de-Londres
30%
Saint-Paul-et-Valmalle
30%
Sussargues
30%
Teyran
30%
Boisseron
25%
Castries
25%
Grabels
25%
Montarnaud
25%
Murvièl-lès-Montpellier
25%
Restinclières
25%
Saint-Drézéry
25%
Saint-Guilhem-le-Désert
25%
Saint-Mathieu-de-Tréviers
25%
Saint-Vincent-de-Barbeyrargues
25%
Saussan
25%
Vailhauquès
25%
Vic-la-Gardiole
25%
Viols-en-Laval
25%
Viols-le-Fort
25%
Assas
20%
Bouzigues
20%
Campagne
20%
Gigean
20%
Lansargues
20%
Loupian
20%
Mas-de-Londres
20%
Mireval
20%
Mudaison
20%
Saint-André-de-Buèges
20%
Saint-Geniès-des-Mourgues
20%
Saussines
20%
Aniane
15%
Beaulieu
15%
Claret
15%
Entre-Vignes
15%
Galargues
15%
Garrigues
15%
Guzargues
15%
La Boissière
15%
Les Matelles
15%
Le Triadou
15%
Marsillargues
15%
Montaud
15%
Montbazin
15%
Murles
15%
Notre-Dame-de-Londres
15%
Saint-Bauzille-de-Montmel
15%
Saint-Bauzille-de-Putois
15%
Saint-Hilaire-de-Beauvoir
15%
Sauteyrargues
15%
Valflaunes
15%
Villeveyrac
15%
Argelliers
10%
Candillargues
10%
Causse-de-la-Selle
10%
Cazilhac
10%
Combaillaux
10%
Ferrières-les-Verreries
10%
Laroque
10%
Moulès-et-Baucels
10%
Saint-Nazaire-de-Pézan
10%
Saint-Sériès
10%
Saturargues
10%
Vacquières
10%
Valergues
10%
Villetelle
10%
Agonès
5%
Brissac
5%
Buzignargues
5%
Cazevieille
5%
Fontanès
5%
Gorniès
5%
Lauret
5%
Montoulieu
5%
Pégairolles-de-Buèges
5%
Puéchabon
5%
Rouet
5%
Sainte-Croix-de-Quintillargues
5%
Aucun quiz correspondant
Distribution des résultats
% des personnes avec chaque résultat
Percentile par nombre de réponses
Votre historique - résultats
Vous n’avez pas pris ce quiz